Música de los 90: acordes de fin de siglo

Đã lưu trong:
Chi tiết về thư mục
Định dạng: Sách
Ngôn ngữ:Tiếng Tây Ban Nha
Được phát hành: Santiago Ediciones UC 2017
Phiên bản:1a. ed
Những chủ đề:
Các nhãn: Thêm thẻ
Không có thẻ, Là người đầu tiên thẻ bản ghi này!

MARC

LEADER 00000cam a2200000 a 4500
001 UCC5129
003 CL-VaPUC
008 180927e20170000cl |||||||||||||||||spa|d
020 |a 9789561421530 
082 0 4 |a 780.9  |b MUS  |2 21 
245 1 0 |a Música de los 90: acordes de fin de siglo 
250 |a 1a. ed 
300 |a 281 p 
942 |c BK 
945 |d 20180927 22:58:00  |a dcastane 
260 |a Santiago  |b Ediciones UC  |c 2017 
650 0 |a Historia de la música  |9 306741 
650 0 |a Historia del rock  |9 471724 
583 |a last modification  |c 20180927 22:58:00  |k Rodrigo Vera 
999 |c 372405  |d 372403 
952 |0 0  |1 0  |2 ddc  |3 erd  |4 0  |6 780_900000000000000_MUS_2017  |7 0  |8 F  |9 490047  |a BIBEDU  |b BIBEDU  |i 550130K  |o 780.9 MUS 2017  |p 550130K  |r 2023-01-12  |w 2019-11-24  |y BK_F  |z Catalogado en:20180927  |k MUS